Normal view
MARC view
Entry Personal Name
001 - CONTROL NUMBER
- control field: 6901
003 - CONTROL NUMBER IDENTIFIER
- control field: OSt
005 - DATE AND TIME OF LATEST TRANSACTION
- control field: 20130213175741.0
008 - FIXED-LENGTH DATA ELEMENTS
- fixed length control field: 130213|||a|||||| | ||| d
040 ## - CATALOGING SOURCE
- Original cataloging agency: OSt
- Transcribing agency: OSt
100 ## - HEADING--PERSONAL NAME
- Personal name: Goodwin-Gill, Guy S.
670 ## - SOURCE DATA FOUND
- Source citation: Work cat.: (OSt): Edited by Brownlie, Ian and Guys goodwin-Gill 6899, Brownlie's documents on Human rights / , 2010
